| 000 | 00476nam a22001817a 4500 | ||
|---|---|---|---|
| 005 | 20260331100907.0 | ||
| 008 | 260331b |||||||| |||| 00| 0 eng d | ||
| 020 | _a9789361311413 | ||
| 041 | _aeng | ||
| 082 |
_a330 _bLES B22789 |
||
| 100 |
_aLeslie B _9217485 |
||
| 245 |
_aWhat is the Economy?: _b And Why it Matters to You _c1st Ed. |
||
| 260 |
_aNew Delhi _b Bloomsbury _c2024 |
||
| 300 | _a223p | ||
| 500 | _aEconomics | ||
| 700 |
_aRichards J _9217486 |
||
| 942 | _cBK | ||
| 999 |
_c370831 _d370831 |
||